Collected Poems

Збережено в:
Бібліографічні деталі
Автор: Woodcock, George
Формат: Книга
Мова:Spanish
Опубліковано: Victoria, Canadá Sono Nis 1983
Предмети:
Теги: Додати тег
Немає тегів, Будьте першим, хто поставить тег для цього запису!

MARC

LEADER 00000nam a2200000Ia 4500
008 170316s9999 xx 000 0 spa d
040 |a cru BVZT 
090 |a 818 W-8c 
100 |a Woodcock, George 
245 |a Collected Poems 
260 |a Victoria, Canadá 
260 |b Sono Nis 
260 |c 1983 
300 |a 244 páginas 
650 |a LITERATURA CANADIENSE 
999 |c 6690  |d 6690 
942 |c 15 D  |h 818 W-8c  |2 z